[Event "Brighton"]
[Site "Brighton"]
[Date "1982.??.??"]
[Round "?"]
[White "Sigurjonsson, Gudmundur"]
[Black "Arnason, Jon L"]
[Result "1/2-1/2"]
[WhiteElo "2435"]
[BlackElo "2445"]

1.Nf3 Nf6 2.g3 b6 3.Bg2 Bb7 4.O-O c5 5.c4 g6 6.b3 Bg7 7.Bb2 O-O 8.Nc3 Na6
9.d4 d5 10.cxd5 Nxd5 11.Rc1 Rc8 12.dxc5 Nxc5 13.Rc2 Nxc3 14.Bxc3 Qxd1 15.Rxd1 Be4
16.Rcc1 Nxb3 17.axb3 Rxc3 18.Rxc3 Bxc3 19.Rd7 a5 20.Rxe7 Bd5 21.Rc7 Bf6 22.Nd2 Be6
23.Be4 Rd8 24.Bd3 Rd4 25.Nc4 Bd8 26.Rc6 b5 27.Na3 Bd7 28.Ra6 Kg7 29.Nxb5 Rxd3
30.exd3 Bxb5 31.Ra8 Bc7 32.Ra7 Bd8 33.Ra8 Bc7  1/2-1/2

[Event "Budapest"]
[Site "Budapest"]
[Date "1982.??.??"]
[Round "2"]
[White "Burger, Karl"]
[Black "Adorjan, Andras"]
[Result "1/2-1/2"]
[WhiteElo "2420"]
[BlackElo "2515"]

1.Nf3 c5 2.c4 Nf6 3.g3 b6 4.Bg2 Bb7 5.O-O g6 6.b3 Bg7 7.Bb2 O-O 8.Nc3 Na6
9.d3 e6 10.Nb5 d5 11.Be5 Bc6 12.Rb1 Re8 13.Qc1 Qd7  1/2-1/2

[Event "Budapest"]
[Site "Budapest"]
[Date "1982.??.??"]
[Round "4"]
[White "Szekely, Peter"]
[Black "Adorjan, Andras"]
[Result "1/2-1/2"]
[WhiteElo "2430"]
[BlackElo "2515"]

1.Nf3 c5 2.c4 Nf6 3.g3 b6 4.Bg2 Bb7 5.O-O g6 6.b3 Bg7 7.Bb2 O-O 8.Nc3 d6
9.d4 cxd4 10.Nxd4 Bxg2 11.Kxg2 d5 12.cxd5 Nxd5 13.Ndb5 Nxc3 14.Bxc3 Bxc3
15.Qxd8 Rxd8 16.Nxc3 Nc6 17.Rfd1 Nb4 18.a3 Nc2 19.Rxd8+ Rxd8 20.Ra2 Nd4  1/2-1/2

[Event "Gausdal Jubilee"]
[Site "Gausdal"]
[Date "1982.??.??"]
[Round "1"]
[White "Vogel, Jaap"]
[Black "Myreng, Svein G"]
[Result "1/2-1/2"]
[WhiteElo "2335"]
[BlackElo "2220"]

1.Nf3 Nf6 2.g3 b6 3.Bg2 Bb7 4.c4 c5 5.O-O g6 6.b3 Bg7 7.Bb2 O-O 8.d4 cxd4
9.Qxd4 Na6 10.Rd1 Nc5 11.Qf4 Qb8 12.Nc3 Qxf4 13.gxf4 Rfd8 14.Ne5 Bxg2 15.Kxg2 Rac8
16.Kf3 d6 17.Nd3 a6 18.e3 Nfd7 19.Nd5 Bxb2 20.Nxb2 Kf8 21.Rac1 f5 22.b4 Ne4
23.Na4 b5 24.cxb5 axb5 25.Nab6 Nxb6 26.Nxb6 Rc3 27.Rxc3 Nxc3 28.Rd2 Kf7 29.Rc2 Rb8  1/2-1/2

[Event "Gausdal Jubilee"]
[Site "Gausdal"]
[Date "1982.??.??"]
[Round "3"]
[White "Helmers, Knut J"]
[Black "Plaskett, Jim"]
[Result "1/2-1/2"]
[WhiteElo "2430"]
[BlackElo "2405"]

1.Nf3 Nf6 2.c4 b6 3.g3 c5 4.Bg2 Bb7 5.O-O g6 6.d4 cxd4 7.Qxd4 Bg7 8.Nc3 Nc6
9.Qf4 O-O 10.Rd1 Rc8 11.Qh4 Na5 12.b3 Rc5 13.Ba3 Rf5 14.g4 Rf4 15.h3 h6 16.Rac1 g5
17.Qg3 Ne4 18.Nxe4 Rxe4 19.e3 d6  1/2-1/2

[Event "Gausdal Jubilee"]
[Site "Gausdal"]
[Date "1982.??.??"]
[Round "9"]
[White "Berg, Klaus"]
[Black "Vogel, Jaap"]
[Result "1-0"]
[WhiteElo "2295"]
[BlackElo "2335"]

1.Nf3 Nf6 2.c4 b6 3.g3 c5 4.Bg2 Bb7 5.O-O g6 6.b3 Bg7 7.Bb2 d6 8.Nc3 e5 9.e3 O-O
10.d4 exd4 11.exd4 Ne4 12.Qd3 Nxc3 13.Bxc3 Na6 14.Rfe1 Qf6 15.Rac1 Bxf3 16.dxc5 Nxc5
17.Qe3 Qf5 18.Bxf3 Bxc3 19.Rxc3 Rae8 20.Qxe8 Rxe8 21.Rxe8+ Kg7 22.Bd5 Nd3
23.Re2 Ne5 24.Be4 Qf6 25.Rd2 h5 26.h4 Ng4 27.Rcd3 g5 28.hxg5 Qxg5 29.Rd5 Qe7
30.Bf3 f5 31.Bxg4 Qe1+ 32.Kg2 hxg4 33.R2d4 Qe2 34.Rxf5 Kg6 35.Rff4 Qxa2 36.Rxd6+  1-0

[Event "Halle-Buna"]
[Site "Halle"]
[Date "1982.??.??"]
[Round "11"]
[White "Schoeneberg, Manfred"]
[Black "Szekely, Peter"]
[Result "0-1"]
[WhiteElo "2375"]
[BlackElo "2430"]

1.Nf3 Nf6 2.c4 b6 3.g3 c5 4.Bg2 Bb7 5.O-O g6 6.Nc3 Bg7 7.d4 cxd4 8.Qxd4 Nc6
9.Qh4 h6 10.Nd5 Rc8 11.Bd2 Na5 12.Bxa5 bxa5 13.Qd4 Bxd5 14.cxd5 Qc7 15.e4 O-O
16.e5 Nh7 17.h4 d6 18.exd6 exd6 19.Qd2 Qb6 20.Rad1 Rfe8 21.b3 Re7 22.Rc1 Rec7
23.Rxc7 Rxc7 24.Rd1 Rc5 25.Ne1 h5 26.Nc2 Rc3 27.Ne3 Qc5 28.Nc4 a4 29.Qf4 Bf8
30.Nb2 Rc2 31.Nxa4 Qa3 32.Bh3 Rxa2 33.Be6 fxe6 34.dxe6 Ra1 35.Rxa1 Qxa1+
36.Kg2 Qf6 37.Qe4 Qf5 38.Qb7 Qxe6 39.Qxa7 Qxb3 40.Nb6 Qb1 41.Qa8 Nf6  0-1

[Event "Luzern ol (Men)"]
[Site "Luzern"]
[Date "1982.??.??"]
[Round "4"]
[White "Helmers, Knut J"]
[Black "Goormachtigh, Johan"]
[Result "1/2-1/2"]
[WhiteElo "2425"]
[BlackElo "2350"]

1.Nf3 c5 2.c4 Nf6 3.g3 b6 4.Bg2 Bb7 5.O-O g6 6.b3 Bg7 7.Bb2 O-O 8.d4 Na6
9.Nc3 d5 10.Ne5 cxd4 11.Qxd4 Nd7 12.f4 Nxe5 13.fxe5 Nb4 14.Nxd5 Nc2 15.Qh4 Bxd5
16.Bxd5 Nxa1 17.Bxa8 Nxb3 18.axb3 Qxa8 19.Rd1 Rd8 20.Rxd8+ Qxd8 21.Kf2 Qd2
22.Qd4 Bh6 23.e6 Be3+ 24.Qxe3 Qxb2 25.exf7+ Kxf7 26.Kg2 Kf6 27.Qf3+ Ke6 28.h4 Qc2
29.g4 Kd6 30.Qd5+ Kc7 31.Qe6 Qxb3 32.Qxe7+ Kb8 33.Qd8+ Kb7 34.Qd5+ Kc7 35.h5 gxh5
36.gxh5 Qc2 37.Qe5+ Kc6 38.Qd5+  1/2-1/2

[Event "Luzern ol (Men)"]
[Site "Luzern"]
[Date "1982.??.??"]
[Round "8"]
[White "Hecht, Hans Joachim"]
[Black "Johansen, Darryl K"]
[Result "1/2-1/2"]
[WhiteElo "2455"]
[BlackElo "2310"]

1.Nf3 c5 2.c4 Nf6 3.g3 b6 4.Bg2 Bb7 5.O-O g6 6.d3 Bg7 7.e4 O-O 8.Nc3 d6 9.h3 Nc6
10.Be3 Rc8 11.Qd2 Nd7 12.Nh2 Nd4 13.f4 f5 14.Rae1 Ba8 15.Nf3 a6 16.Kh2 e5
17.fxe5 Nxf3+ 18.Bxf3 Nxe5 19.Bg2 Qd7 20.exf5 Rxf5 21.Nd5 Bxd5 22.Bxd5+ Kh8
23.Be4 Rh5 24.h4 Ng4+  1/2-1/2

[Event "Luzern ol (Men)"]
[Site "Luzern"]
[Date "1982.??.??"]
[Round "13"]
[White "Jones, Iolo C"]
[Black "Alzate, Dario"]
[Result "1/2-1/2"]
[WhiteElo "2245"]
[BlackElo "2375"]

1.Nf3 Nf6 2.c4 c5 3.g3 b6 4.Bg2 Bb7 5.O-O g6 6.b3 Bg7 7.Bb2 O-O 8.d4 cxd4
9.Qxd4 Nc6 10.Qd2 d5 11.cxd5 Qxd5 12.Ne5 Qe6 13.Nxc6 Bxc6 14.Bxc6 Qxc6 15.Rc1 Qe6
16.Qe1 Rfd8 17.Nd2 Ne4 18.Bxg7 Rxd2 19.Bh6 Rd5 20.Be3 Rh5 21.Qf1 Nf6 22.Qg2 Rd8
23.Rd1 Rc8 24.Bd4 Qxe2 25.Re1 Qg4 26.Bxf6 exf6 27.Re7 Qd4 28.Rae1 Rc2 29.Rxa7 Re5
30.Rf1 Rd5 31.Ra4 Qd3 32.Rf4 Rxa2 33.Rxf6 Rf5 34.Rxf5 Qxf5 35.Qc6 b5 36.Qe8+ Kg7
37.Qe3 Rb2 38.Rc1 h5 39.h4 Kh7 40.Rd1 Qc2 41.Rd3 Rb1+ 42.Kg2 b4 43.Qe7  1/2-1/2

[Event "Plovdiv"]
[Site "Plovdiv"]
[Date "1982.??.??"]
[Round "12"]
[White "Osnos, Viatcheslav"]
[Black "Groszpeter, Attila"]
[Result "1/2-1/2"]
[WhiteElo "2455"]
[BlackElo "2480"]

1.Nf3 Nf6 2.g3 b6 3.Bg2 Bb7 4.O-O c5 5.c4 g6 6.d4 cxd4 7.Nxd4 Bxg2 8.Kxg2 Bg7
9.Nc3 Qc8 10.b3 Qb7+ 11.f3 Nc6 12.Bb2 O-O 13.e4 Nxd4 14.Qxd4 d6 15.Nd5 Rab8
16.Rac1 Rfc8 17.a4 a6 18.Rfe1 Ne8 19.Qd2 Bxb2 20.Qxb2 e6 21.Nc3 Qc6 22.Ne2 a5
23.Nf4 Qc5 24.Nd3 Qg5 25.h4 Qf6 26.Qf2 h5 27.Nf4 Rc5 28.Rcd1 Rbc8 29.Re3 R5c6
30.Red3 Rc5 31.Nh3 Qe7 32.R1d2 R5c6 33.Nf4 Rc5 34.Qe3 Rb8 35.Rd1 Qf6 36.Ne2 Qg7
37.Qd4 Qxd4 38.Nxd4 d5 39.cxd5 exd5 40.exd5 Rxd5 41.Nc6 Rxd3 42.Rxd3 Rb7
43.Ne5 Kg7 44.Rd7 Rc7 45.Kf2 Rc2+ 46.Ke3 Kf6 47.Nc4 Ke6 48.Rd3 f6 49.Kf4 Rc1
50.g4 hxg4 51.fxg4 Rf1+ 52.Kg3 f5 53.gxf5+ gxf5 54.Re3+ Kf7 55.Rf3 Rb1 56.Rxf5+ Nf6
57.Rb5 Ne4+ 58.Kf4 Nc3 59.Rf5+ Ke6 60.Re5+ Kf6 61.Kf3 Rxb3 62.Re3 b5 63.Nd2 Rb2
64.Rxc3 Rxd2 65.Rc6+ Kg7 66.axb5  1/2-1/2

[Event "Randers zt-B"]
[Site "Randers"]
[Date "1982.??.??"]
[Round "7"]
[White "Feustel, Bernd"]
[Black "Helmers, Knut J"]
[Result "0-1"]
[WhiteElo "2365"]
[BlackElo "2430"]

1.Nf3 Nf6 2.c4 c5 3.g3 b6 4.Bg2 Bb7 5.O-O g6 6.d4 cxd4 7.Nxd4 Bxg2 8.Kxg2 Bg7
9.Nc3 Nc6 10.Nc2 O-O 11.e4 Qc8 12.f3 Qb7 13.b3 Rfd8 14.Bb2 e6 15.Qd6 Ne8
16.Qd2 d6 17.Rad1 a6 18.Ne3 b5 19.Ne2 Nf6 20.g4 h6 21.h4 bxc4 22.g5 hxg5
23.hxg5 Nh7 24.Bxg7 Kxg7 25.Qc3+ e5 26.Nxc4 Qe7 27.f4 Kg8 28.Rh1 exf4 29.Rxh7 Qxe4+
30.Kf2 Kxh7 31.Qh3+ Kg8 32.Rh1 Kf8 33.Qh8+ Ke7 34.Qf6+ Kd7 35.Rh7 Ra7 36.Rxf7+ Kc8
37.Rxa7 Nxa7 38.Nxf4 Nb5 39.Nb6+ Kb7 40.Nfd5 Qh4+ 41.Kg2 Rh8 42.Qg7+ Kc6
43.Qd7+ Kc5 44.b4+ Kd4 45.Qg7+ Kd3 46.Nf4+ Qxf4 47.Qxh8 Qxg5+ 48.Kh1 Qc1+
49.Kh2 Qd2+ 50.Kh1 Qe1+ 51.Kg2 Qe2+ 52.Kh1 Qf1+ 53.Kh2 Qf2+ 54.Kh1 Qxb6 55.a4 Qc6+
56.Kh2 Qc2+ 57.Kg3 Nd4 58.Qa8 Qxa4 59.Qxa6+ Qxa6  0-1

[Event "Reykjavik op"]
[Site "Reykjavik"]
[Date "1982.??.??"]
[Round "?"]
[White "Olafsson, Fridrik"]
[Black "Forintos, Gyozo V"]
[Result "0-1"]
[WhiteElo "2530"]
[BlackElo "2410"]

1.Nf3 Nf6 2.c4 c5 3.g3 b6 4.Bg2 Bb7 5.O-O g6 6.Nc3 Bg7 7.d3 O-O 8.e4 Nc6
9.h3 Ne8 10.h4 Nf6 11.Bg5 h6 12.Bd2 d6 13.Nh2 e5 14.Ne2 Rb8 15.Rb1 Bc8 16.f4 exf4
17.gxf4 Nh5 18.Qc1 Bd7 19.f5 b5 20.cxb5 Rxb5 21.Ng4 Ne5 22.Ne3 Bf6 23.Nf4 Nxf4
24.Rxf4 g5 25.Rf1 gxh4 26.Nd5 Bg5 27.f6 Bg4 28.Qc2 Kh7 29.Kh2 Qd7 30.Rf5 Bxf5
31.exf5 Ng4+ 32.Kh1 Nxf6 33.Bc3 Nxd5 34.Bxd5 Re8 35.Rf1 Re3 36.Qg2 Rb8 37.f6 Rh3+
38.Kg1 Be3+ 39.Rf2 Rg3 40.Kf1  0-1

[Event "Reykjavik op"]
[Site "Reykjavik"]
[Date "1982.??.??"]
[Round "?"]
[White "Horvath, Tamas"]
[Black "Helmers, Knut J"]
[Result "1/2-1/2"]
[WhiteElo "2400"]
[BlackElo "2430"]

1.Nf3 Nf6 2.c4 b6 3.g3 c5 4.Bg2 Bb7 5.O-O g6 6.d3 Bg7 7.e4 O-O 8.Nc3 Nc6
9.Ne1 d6 10.f4 a6 11.Nc2 Ne8 12.Rb1 Nc7  1/2-1/2

[Event "DDR-ch 31th"]
[Site "Salzwedel"]
[Date "1982.??.??"]
[Round "6"]
[White "Espig, Lutz"]
[Black "Enders, Peter"]
[Result "1/2-1/2"]
[WhiteElo "2470"]
[BlackElo "2315"]

1.Nf3 Nf6 2.c4 b6 3.g3 Bb7 4.Bg2 c5 5.O-O g6 6.b3 Bg7 7.Bb2 O-O 8.Nc3 d5
9.Nxd5 Nxd5 10.Bxg7 Kxg7 11.cxd5 Qxd5 12.d4 Na6 13.Nh4 Qd7 14.dxc5 Qxd1 15.Rfxd1 Bxg2
16.Kxg2 Nxc5 17.b4 Ne6 18.Rd7 Kf6 19.Rad1 a5 20.b5 Rfd8 21.Nf3 Rac8 22.Rxd8 Rxd8
23.Rc1 Rd5 24.a4 Rc5 25.Rd1 Rc2 26.Nd4 Nxd4 27.Rxd4 Rxe2 28.Rc4 Kf5 29.Kf3 Re6
30.Rf4+ Ke5 31.Rxf7 Rf6+ 32.Rxf6 exf6 33.Ke3 Kd5 34.Kd3 f5 35.f4 Kc5 36.Kc3 h6
37.h3 g5 38.fxg5 hxg5 39.Kd3 Kd5 40.Ke3 Ke6 41.Kd4 Kd6 42.Ke3  1/2-1/2

[Event "Sochi"]
[Site "Sochi"]
[Date "1982.??.??"]
[Round "11"]
[White "Razuvaev, Yuri S"]
[Black "Tal, Mihail"]
[Result "1/2-1/2"]
[WhiteElo "2495"]
[BlackElo "2610"]

1.Nf3 Nf6 2.c4 c5 3.g3 b6 4.Bg2 Bb7 5.O-O g6 6.Nc3 Bg7 7.d4 Ne4 8.Nxe4 Bxe4
9.d5 O-O 10.a4 e6 11.Nh4 Bxg2 12.Nxg2 exd5 13.Qxd5  1/2-1/2

[Event "Aarhus"]
[Site "Aarhus"]
[Date "1983.??.??"]
[Round "4"]
[White "Berg, Klaus"]
[Black "Helmers, Knut J"]
[Result "1/2-1/2"]
[WhiteElo "2375"]
[BlackElo "2465"]

1.Nf3 Nf6 2.c4 b6 3.g3 c5 4.Bg2 Bb7 5.O-O g6 6.b3 Bg7 7.Bb2 O-O 8.Nc3 Na6
9.e3 d5 10.Nxd5 Nxd5 11.Bxg7 Kxg7 12.cxd5 Qxd5 13.d4 Rfd8 14.Nh4 Qd7 15.dxc5 Bxg2
16.Nxg2 Nxc5 17.Qb1 e5 18.Rd1 Qg4 19.Ne1 Qe2 20.Qc2 Qxc2  1/2-1/2

[Event "OHRA"]
[Site "Amsterdam"]
[Date "1983.??.??"]
[Round "?"]
[White "Sunye Neto, Jaime"]
[Black "Boersma, Paulus A"]
[Result "1/2-1/2"]
[WhiteElo "2490"]
[BlackElo "2355"]

1.Nf3 Nf6 2.c4 b6 3.g3 Bb7 4.Bg2 c5 5.O-O g6 6.d4 cxd4 7.Qxd4 Bg7 8.Nc3 Nc6
9.Qh4 h6 10.Nd5 e6 11.Nxf6+ Qxf6 12.Qxf6 Bxf6 13.Rb1 Ne7 14.Bf4 g5 15.Be5 Bxe5
16.Nxe5 Bxg2 17.Kxg2 f6 18.Ng4 Kf7 19.Rbd1 d5 20.cxd5 Nxd5 21.e4 h5 22.exd5 hxg4
23.dxe6+ Kxe6 24.Rfe1+ Kf5 25.Rd5+ Kg6 26.Re4 Rh3 27.Rxg4 Rah8 28.Rc4 Rxh2+
29.Kf3 R8h7 30.Rd8 Re7 31.Rf8 Kg7 32.Ra8 f5 33.g4 Rh4 34.Rac8  1/2-1/2

[Event "Banja Luka"]
[Site "Banja Luka"]
[Date "1983.??.??"]
[Round "11"]
[White "Vukic, Milan"]
[Black "Chekhov, Valery A"]
[Result "1/2-1/2"]
[WhiteElo "2465"]
[BlackElo "2510"]

1.Nf3 Nf6 2.c4 b6 3.g3 c5 4.Bg2 Bb7 5.O-O g6 6.Nc3 Bg7 7.d4 cxd4 8.Nxd4 Bxg2
9.Kxg2 Qc8 10.b3 Nc6 11.Nc2 O-O 12.f3 d6 13.Rb1 Qb7 14.Bg5 Rfc8 15.Qd2 a6
16.a4 Ne5 17.Nb4 Ned7 18.Rfd1 Re8 19.Nbd5 Rac8 20.Bxf6 Nxf6 21.Nxf6+ Bxf6
22.Nd5 Bg7 23.Qb4 Rb8 24.a5 bxa5 25.Qxa5 e6 26.Nf4 Qb6 27.Qa3 d5 28.cxd5 exd5
29.Rxd5 Bh6 30.Rb2 Bxf4 31.gxf4 Qf6 32.Kg3 h5 33.Rbd2 Qb6 34.Qa1 Qxb3 35.Qxa6 Qe3
36.Qf6 Qg1+ 37.Kh3 Rb6 38.Qg5 Qf1+ 39.Qg2 Qxg2+ 40.Kxg2 Rf6 41.Kg3 Kg7 42.e4 Rb8
43.Rd6 Rxd6 44.Rxd6 Rb2 45.h4 f6 46.Rd7+ Kf8 47.Rd5 Kf7 48.f5 gxf5 49.Rxf5 Kg6
50.Rd5 Rb3 51.Rd6  1/2-1/2

[Event "Buenos Aires"]
[Site "Buenos Aires"]
[Date "1983.??.??"]
[Round "3"]
[White "Najdorf, Miguel"]
[Black "Panno, Oscar"]
[Result "1/2-1/2"]
[WhiteElo "2515"]
[BlackElo "2500"]

1.Nf3 c5 2.c4 Nf6 3.g3 b6 4.Bg2 Bb7 5.O-O g6 6.b3 Bg7 7.Bb2 O-O 8.Nc3 Na6
9.d3 d5 10.Nxd5 Nxd5 11.Bxg7 Kxg7 12.cxd5 Qxd5 13.Nh4 Qd7 14.Bxb7 Qxb7 15.Qd2  1/2-1/2

[Event "Politicen Cup"]
[Site "Copenhagen"]
[Date "1983.??.??"]
[Round "1"]
[White "Lechtynsky, Jiri"]
[Black "Csom, Istvan"]
[Result "0-1"]
[WhiteElo "2475"]
[BlackElo "2500"]

1.Nf3 c5 2.g3 b6 3.Bg2 Bb7 4.O-O Nf6 5.c4 g6 6.b3 Bg7 7.Bb2 O-O 8.Nc3 Na6
9.e3 d5 10.Ne5 Qb8 11.d4 dxc4 12.bxc4 Bxg2 13.Kxg2 cxd4 14.exd4 Qb7+ 15.Qf3 Qxf3+
16.Kxf3 Rfc8 17.Rac1 Bh6 18.Rcd1 Bf8 19.Rfe1 Ne8 20.d5 Nd6 21.Ne4 Bg7 22.Nd2 Nc5
23.Ba1 Bxe5 24.Bxe5 Nd3 25.Re3 Nxe5+ 26.Rxe5 Kf8 27.Rde1 Rc7 28.R5e3 Rac8
29.Kg2 Rd7 30.Rc1 Rc5 31.Rec3 Rdc7 32.a4 a6 33.Kf1 b5 34.axb5 axb5 35.Ke2 bxc4
36.Ke3 Kg7 37.R3c2 h5 38.Kd4 Nb5+ 39.Ke3 c3 40.Ne4 Rxd5 41.Rb1 Na3 42.Rxc3 Rxc3+
43.Nxc3 Re5+  0-1

[Event "Hastings8384"]
[Site "Hastings"]
[Date "1983.??.??"]
[Round "13"]
[White "Csom, Istvan"]
[Black "Short, Nigel D"]
[Result "1/2-1/2"]
[WhiteElo "2500"]
[BlackElo "2475"]

1.Nf3 Nf6 2.c4 b6 3.g3 c5 4.Bg2 Bb7 5.O-O g6 6.b3 Bg7 7.Bb2 O-O 8.Nc3 Na6
9.Rc1 d5 10.Nxd5 Nxd5 11.Bxg7 Kxg7 12.cxd5 Qxd5 13.d4 cxd4 14.Qxd4+ Qxd4
15.Nxd4 Bxg2 16.Kxg2 Rfc8 17.a3 Nc5 18.b4 Na4 19.Nb5 a5 20.Rfd1 axb4 21.axb4 Nb2
22.Rxc8 Rxc8 23.Rd2 Nc4 24.Rd7 Kf6 25.Na7 Re8 26.Rc7 Nd6 27.Rc6 Rb8 28.Nb5 Ke6
29.Nxd6 exd6 30.b5 h5 31.h3 Rb7 32.Kf3 Rb8 33.Kf4 Rb7 34.g4 hxg4 35.hxg4 f6
36.Ke4 Rb8 37.f4 f5+ 38.gxf5+ gxf5+ 39.Kd4 Ra8 40.Rxb6 Ra4+ 41.Ke3 Rb4 42.Rb7 Rb3+
43.Kd2 Kd5 44.e3 Ke4 45.Kc2 Rb4 46.Kc3 Rb1 47.Re7+ Kd5 48.Rf7 Ke4 49.Kc4 d5+
50.Kc5 Kxe3 51.Rxf5 d4 52.Re5+ Kxf4 53.Rd5 Ke3 54.Rxd4 Rxb5+  1/2-1/2

[Event "Poutiainen mem"]
[Site "Helsinki"]
[Date "1983.??.??"]
[Round "?"]
[White "Tiller, Bjorn"]
[Black "Schussler, Harry"]
[Result "1/2-1/2"]
[WhiteElo "2430"]
[BlackElo "2485"]

1.Nf3 b6 2.g3 Bb7 3.Bg2 c5 4.O-O Nf6 5.c4 g6 6.b3 Bg7 7.Bb2 O-O 8.d4 cxd4
9.Qxd4 Nc6 10.Qf4 d5 11.cxd5 Nxd5 12.Qd2 Nf4 13.gxf4 Qxd2 14.Nbxd2 Bxb2 15.Rab1 Bg7
16.Ne5 Bxe5 17.fxe5 Rfd8 18.Rfd1 Rd7 19.Nc4 Rad8 20.Rxd7 Rxd7  1/2-1/2

[Event "URS-ch sf"]
[Site "Irkutsk"]
[Date "1983.??.??"]
[Round "?"]
[White "Pigusov, Evgeny"]
[Black "Psakhis, Lev"]
[Result "1/2-1/2"]
[WhiteElo "2430"]
[BlackElo "2580"]

1.Nf3 Nf6 2.g3 b6 3.c4 c5 4.Bg2 Bb7 5.O-O g6 6.b3 Bg7 7.Bb2 O-O 8.Nc3 Na6
9.d4 d5 10.dxc5 Nxc5 11.b4 Nce4 12.Nxe4 dxe4 13.Nd4 h5 14.Qb3 h4 15.Nc2 hxg3
16.hxg3 Qd2 17.Rfe1 Ng4 18.Bh3 Bxb2 19.Qxb2 f5 20.Bxg4 fxg4 21.Qc1 e3 22.Nxe3 Qd4
23.c5 Qxb4 24.Qb1 Qe4 25.Qxe4 Bxe4 26.cxb6 axb6 27.Nxg4 Ra3 28.Red1 Rfa8
29.f3 Bc2 30.Rd7 Kf8 31.Kf2 Bf5 32.Rd2 Bxg4  1/2-1/2

[Event "URS-ch U26"]
[Site "Jurmala"]
[Date "1983.??.??"]
[Round "?"]
[White "Kharitonov, Andrei Y"]
[Black "Gavrikov, Viktor"]
[Result "0-1"]
[WhiteElo "2440"]
[BlackElo "2485"]

1.Nf3 Nf6 2.c4 c5 3.g3 b6 4.Bg2 Bb7 5.O-O g6 6.Nc3 Bg7 7.d4 cxd4 8.Nxd4 Bxg2
9.Kxg2 O-O 10.e4 Qc7 11.b3 Nxe4 12.Nxe4 Qe5 13.Qf3 Qxd4 14.Be3 Qe5 15.Rad1 Qc7
16.Bf4 Qc6 17.Rd5 f5 18.Nd2 Na6 19.a3 d6 20.Bg5 Qd7 21.Rd3 Nc5 22.Re3 e5
23.Qd5+ Kh8 24.f4 e4 25.g4 Rac8 26.b4 Ne6 27.gxf5 gxf5 28.Nb3 Qf7 29.Qxd6 Rxc4
30.Bh4 Rfc8 31.Kh1 h6 32.Rg3 Rc3 33.Qd5 Rxg3 34.Bxg3 Rd8 35.Qc4 Rd3 36.a4 Qd7
37.Nc1 Rc3 38.Qa2 Qc6 39.b5 Qc4 40.Qxc4 Rxc4 41.Ne2 Rxa4 42.Rd1 Ra1  0-1

[Event "New York"]
[Site "New York"]
[Date "1983.??.??"]
[Round "1"]
[White "Burger, Karl"]
[Black "Dzindzichashvili, Roman"]
[Result "1-0"]
[WhiteElo "2360"]
[BlackElo "2460"]

1.Nf3 Nf6 2.c4 b6 3.g3 c5 4.Bg2 Bb7 5.O-O g6 6.Nc3 Bg7 7.d4 cxd4 8.Qxd4 O-O
9.Qh4 d6 10.Bg5 Nbd7 11.b3 a6 12.Bh6 Rc8 13.Bxg7 Kxg7 14.Rac1 Rc5 15.Qd4 b5
16.cxb5 Qc7 17.bxa6 Bxa6 18.Nd5 Qd8 19.Nxf6 Nxf6 20.Rxc5 dxc5 21.Qxc5 Bxe2
22.Re1 Bxf3 23.Bxf3 Qd3 24.Kg2 e6 25.Qe5 Rc8 26.Re3 Qd8 27.Rc3 Rb8 28.Rc4 h6
29.Rd4 Rb5 30.Rxd8 Rxe5 31.a4 Rc5 32.b4 Rc4 33.b5 Rb4 34.h3 Nd5 35.Bxd5 exd5
36.Ra8 Kf6 37.Ra6+ Ke5 38.b6 d4 39.Ra5+ Kd6 40.Rb5 Rxb5 41.axb5  1-0

[Event "BUL-ch"]
[Site "Pernik"]
[Date "1983.??.??"]
[Round "4"]
[White "Spiridonov, Nikola"]
[Black "Zahariev, Zahari"]
[Result "1/2-1/2"]
[WhiteElo "2425"]
[BlackElo "2260"]

1.Nf3 Nf6 2.g3 b6 3.Bg2 Bb7 4.O-O c5 5.c4 g6 6.Nc3 Bg7 7.d4 cxd4 8.Qxd4 O-O
9.Qd3 Na6 10.Be3 Nc5 11.Qc2 Rc8 12.Rac1 Nfe4 13.Bd4 Bxd4 14.Nxd4 Nxc3 15.Qxc3 Bxg2
16.Kxg2 Qc7 17.Rfd1 Qb7+ 18.Qf3 Qxf3+ 19.Kxf3 a6 20.Nc2 d6 21.Nb4 Rfe8 22.b3 Kf8
23.h3 Red8 24.Rc2 e6 25.Rcd2 Ke7 26.h4 f5 27.Kg2  1/2-1/2

[Event "Prague"]
[Site "Prague"]
[Date "1983.??.??"]
[Round "8"]
[White "Neckar, Lubomir"]
[Black "Adamski, Jan"]
[Result "1/2-1/2"]
[WhiteElo "2425"]
[BlackElo "2425"]

1.Nf3 c5 2.g3 b6 3.Bg2 Bb7 4.O-O Nf6 5.c4 g6 6.Nc3 Bg7 7.d4 Ne4 8.Nxe4 Bxe4
9.d5 O-O 10.h4 d6 11.Bh3 Bxf3  1/2-1/2

[Event "Kamen Piskov mem 3"]
[Site "Ruse"]
[Date "1983.??.??"]
[Round "13"]
[White "Szilagyi, Peter"]
[Black "Grkov, Dimitar"]
[Result "1/2-1/2"]
[WhiteElo "2405"]
[BlackElo "2330"]

1.Nf3 c5 2.c4 Nf6 3.g3 b6 4.Bg2 Bb7 5.O-O g6 6.Nc3 Bg7 7.Re1 d5 8.d4 O-O
9.cxd5 cxd4 10.Nxd4 Nxd5 11.Ndb5 Nxc3 12.Qxd8 Rxd8 13.Bxb7 Nxb5 14.Bxa8 Na6
15.Be4 Nc5 16.Bc2 Na3 17.Rd1 Rf8 18.Bb3 Rc8 19.Rf1 a5 20.Be3 Bxb2 21.Rad1 Bc3
22.Rd5 e6 23.Rd6 a4 24.Bd1 b5 25.Bxc5 Rxc5 26.e3  1/2-1/2

[Event "Sarajevo"]
[Site "Sarajevo"]
[Date "1983.??.??"]
[Round "?"]
[White "Kurajica, Bojan"]
[Black "Adorjan, Andras"]
[Result "0-1"]
[WhiteElo "2510"]
[BlackElo "2530"]

1.Nf3 c5 2.c4 Nf6 3.g3 b6 4.Bg2 Bb7 5.O-O g6 6.b3 Bg7 7.Bb2 O-O 8.Nc3 d6
9.d3 a6 10.e4 e6 11.Re1 Nc6 12.Qd2 Rb8 13.h3 Ba8 14.Ne2 b5 15.Rab1 Rb6 16.Bc3 Qb8
17.Nh2 bxc4 18.dxc4 e5 19.Nc1 Nd4 20.Nd3 Bc6 21.Ba5 Rb7 22.g4 h6 23.Bc3 Qa8
24.f4 Rd7 25.Nf2 exf4 26.Bxd4 cxd4 27.Qxf4 Re8 28.Nf1 Rde7 29.Nd2 d5 30.e5 Nh7
31.Qxd4 Bxe5 32.Qd3 Nf6 33.Nf3 dxc4 34.bxc4 Bf4 35.Rxe7 Rxe7 36.Qd4 Ne4 37.Re1 Rd7
38.Qb6 Bg3 39.Nxe4 Bxe4 40.Rf1 Rd3 41.Qf6 Qa7+ 42.Kh1 Bb8 43.c5 Qc7 44.Qb2 Qf4
45.Kg1 Bxf3 46.Rxf3 Qh2+ 47.Kf2 Bg3+  0-1

[Event "Keres mem"]
[Site "Tallinn"]
[Date "1983.??.??"]
[Round "8"]
[White "Arnason, Jon L"]
[Black "Psakhis, Lev"]
[Result "0-1"]
[WhiteElo "2460"]
[BlackElo "2580"]

1.Nf3 Nf6 2.c4 b6 3.g3 c5 4.Bg2 Bb7 5.O-O g6 6.Nc3 Bg7 7.d4 cxd4 8.Nxd4 Bxg2
9.Kxg2 O-O 10.e4 Qc7 11.Qe2 Qb7 12.Rd1 Na6 13.f3 Nc5 14.b3 Rae8 15.Bb2 Nh5
16.Qd2 d6 17.Re1 a6 18.Rad1 Rd8 19.Nde2 b5 20.b4 Nd7 21.cxb5 axb5 22.Qd5 Qb6
23.g4 Bxc3 24.Nxc3 Nf4+ 25.Kg3 Nxd5 26.Nxd5 f6 27.Nxb6 Nxb6 28.Bd4 Nc4 29.a4 bxa4
30.Ra1 Ra8 31.b5 e5 32.Bf2 a3 33.Reb1 Ra4 34.Ra2 Kf7 35.b6 Ke6 36.Be1 Rb8
37.b7 d5 38.exd5+ Kxd5 39.Raa1 Kc6 40.Rb4 Rxb4 41.Bxb4 Rxb7 42.Bxa3 Rb3 43.Bf8 e4
44.Ra6+ Nb6 45.Ra3 Rxa3 46.Bxa3 e3 47.f4 Nc4 48.Be7 Nd2 49.Kg2 f5 50.Kg3 Kd5
51.Bd8 Ke4 52.Bb6 Nf3 53.gxf5 gxf5 54.Ba5 Nd4 55.Bb6 Ne2+ 56.Kh4 Nxf4 57.Kg5 Ne6+  0-1

[Event "Keres mem"]
[Site "Tallinn"]
[Date "1983.??.??"]
[Round "12"]
[White "Nei, Iivo"]
[Black "Vaganian, Rafael A"]
[Result "0-1"]
[WhiteElo "2495"]
[BlackElo "2550"]

1.Nf3 Nf6 2.c4 b6 3.g3 Bb7 4.Bg2 c5 5.O-O g6 6.b3 Bg7 7.Bb2 O-O 8.Nc3 Na6
9.Re1 e6 10.a3 d5 11.cxd5 exd5 12.d4 Qe7 13.e3 Ne4 14.Rc1 Rfd8 15.Rc2 Nc7
16.dxc5 Nxc3 17.Bxc3 Bxc3 18.Rxc3 bxc5 19.b4 c4 20.Nd4 Ne6 21.Qd2 a5 22.b5 Qc5
23.a4 Qb4 24.Ra1 Rd6 25.Nc2 Qc5 26.Rca3 Ra7 27.Nd4 Qb4 28.Qc1 Ba8 29.Rb1 Qc5
30.Qc3 Re7 31.Raa1 Nxd4 32.exd4 Qb6 33.Re1 Rde6 34.Re3 Rxe3 35.fxe3 Bb7 36.Re1 Re8
37.Bf3 h5 38.Kg2 Qd6 39.Qxa5 Ra8 40.Qc3 Rxa4 41.e4 dxe4  0-1

[Event "Robert Silk Young Masters"]
[Site "London"]
[Date "1984.07.16"]
[Round "2"]
[White "King, Daniel J"]
[Black "Kosten, Anthony C"]
[Result "1/2-1/2"]
[WhiteElo "2435"]
[BlackElo "2420"]

1.Nf3 Nf6 2.c4 b6 3.g3 c5 4.Bg2 Bb7 5.O-O g6 6.Nc3 Bg7 7.d4 cxd4 8.Nxd4 Bxg2
9.Kxg2 O-O 10.e4 Qc7 11.Qe2 Nc6 12.Nc2 a6 13.Bg5 e6 14.Rfd1 d6 15.Rac1 Ne5
16.Na3 Rfd8 17.f3 h6  1/2-1/2

[Event "Beersheba"]
[Site "Beersheba"]
[Date "1984.??.??"]
[Round "3"]
[White "Gurevich, Dmitry"]
[Black "Shvidler, Eliahu"]
[Result "0-1"]
[WhiteElo "2545"]
[BlackElo "2445"]

1.Nf3 Nf6 2.c4 b6 3.g3 c5 4.Bg2 Bb7 5.O-O g6 6.Nc3 Bg7 7.Re1 Ne4 8.Qc2 Nxc3
9.bxc3 O-O 10.e4 Nc6 11.d3 d6 12.h4 Qd7 13.h5 Ne5 14.Nxe5 dxe5 15.h6 Bh8
16.a4 Rad8 17.a5 Qxd3 18.Qb3 Qd6 19.axb6 axb6 20.Ra7 Rd7 21.Be3 Qc6 22.Rb1 Rd6
23.Qb5 Bc8 24.Qxc6 Rxc6 25.Rxe7 Bf6 26.Ra7 Rd8 27.Kh2 g5 28.Bh3 g4 29.Bf1 Kf8
30.Be2 Be7 31.Rba1 Rcd6 32.Rc7 Be6 33.Raa7 R8d7 34.Rcb7 Rxb7 35.Rxb7 Bd8
36.Kg1 Rd7 37.Rb8 Ke7 38.Bg5+ f6 39.Be3 Ra7 40.f4 gxf3 41.Bxf3 Kd7 42.g4 Kc7
43.Rxd8 Kxd8 44.g5 Ke7 45.Kf2 Ra8 46.Kg3 Bxc4 47.Kh4 Rg8 48.Bg4 Be6 49.Bh5 fxg5+
50.Bxg5+ Kd6 51.Be2 Bf7 52.Bf6 Bg6 53.Bd3 Rb8  0-1